000 00457nam a2200145 4500
999 _c10766
_d10766
008 180919b ||||| |||| 00| 0 eng d
022 _a2094-8042
082 _aDPer 370.105 M72 Jan-Dec 2011 v59-60
100 _931367
_aOrcino, Joel D.
245 _aEdukasyon: Lunas sa Kahirapan/
_cJoel D. Orcino.
260 _aPhilippines:
_bIn the Grade School, Inc.,
_cc2011.
300 _av60 n4, page 170;
_c27cm.
650 0 _931368
_aPoetry.
942 _2ddc
_cPER